| Tag |
First Indicator |
Second Indicator |
Subfields |
| LEADER |
00000cam a2200000 4500 |
| 001 |
in00000183713 |
| 005 |
20151009050350.0 |
| 008 |
720509r19701911nyu 00010 eng d |
| 010 |
|
|
|a 79133719
|
| 020 |
|
|
|a 0404533744
|
| 035 |
|
|
|a (OCoLC)00320745
|
| 035 |
|
|
|9 AAU8512AM
|
| 040 |
|
|
|a DLC
|c DLC
|d TXA
|d UtOrBLW
|
| 049 |
|
|
|a TXAM
|c [1124517]
|
| 082 |
0 |
|
|a 822/.3
|
| 090 |
|
|
|a PR1241
|b .T8 1970 no. 74
|
| 130 |
0 |
|
|a Pedler's prophecy.
|
| 245 |
1 |
4 |
|a The pedler's prophecy. 1595 /
|c [London] Issued for subscribers by the editor of the Tudor facsimile texts, 1911.
|
| 264 |
|
1 |
|a [New York] :
|b [AMS Press],
|c [1970]
|
| 300 |
|
|
|a 55 unnumbered pages ;
|c 25 cm.
|
| 336 |
|
|
|a text
|b txt
|2 rdacontent
|
| 337 |
|
|
|a unmediated
|b n
|2 rdamedia
|
| 338 |
|
|
|a volume
|b nc
|2 rdacarrier
|
| 490 |
1 |
|
|a Tudor facsimile texts. 1970 ;
|v no. 74
|
| 500 |
|
|
|a "The pedler's prophecy is so much on the same lines as the 'sister'-play "The cobler's prophecy," which bears the name of Robert Wilson, that the consensus of opinion is to give it to that writer."
|
| 700 |
1 |
|
|a Wilson, Robert,
|d -1600.
|
| 830 |
|
0 |
|a R facsimile texts ;
|v 1970, no. 74.
|
| 999 |
|
|
|a MARS
|
| 999 |
f |
f |
|s d4b4c029-fa53-3bf8-b495-5c73b5e16f10
|i b9552ebf-3d81-3b81-9b2b-6c1a4ad341d5
|t 0
|
| 952 |
f |
f |
|p ric
|a Texas A&M University
|b Rellis Campus
|c Joint Library Facility
|d Remote Storage
|t 0
|e PR1241 .T8 1970 no. 74
|h Library of Congress classification
|i unmediated -- volume
|m A14803872835
|
| 998 |
f |
f |
|a PR1241 .T8 1970 no. 74
|t 0
|l Remote Storage
|